[Event "Villahermosa Tabasco-ch"]
[Site "Villahermosa"]
[Date "2023.08.06"]
[Round "7"]
[White "Munoz Morales, Angel Bernardo"]
[Black "Falcon Perez, Gustavo"]
[Result "1-0"]
[WhiteElo "1932"]
[BlackElo "1959"]
[PlyCount "107"]
[EventDate "2023.08.04"]
[EventType "swiss"]
[EventRounds "9"]
[EventCountry "MEX"]
[SourceTitle "CBM 215 Extra"]
[Source "ChessBase"]
[SourceDate "2023.09.30"]
[SourceVersion "1"]
[SourceVersionDate "2023.09.30"]
[SourceQuality "1"]

1. e4 c5 2. Nf3 e6 3. c3 Nf6 4. Bd3 Nc6 5. Bc2 d5 6. e5 Nd7 7. d4 f5 8. exf6 Nxf6 9. 0-0 Bd6 10. Re1 0-0 11. Ne5 Qc7 12. Nf3 e5 13. Na3 a6 14. dxe5 Nxe5 15. Nxe5 Bxe5 16. g3 Bg4 17. Qd2 Rae8 18. Bd1 Qd7 19. Nc2 d4 20. cxd4 cxd4 21. Nb4 h5 22. Nd3 Bc7 23. f3 Bh3 24. Qg5 Rxe1+ 25. Nxe1 d3 26. Be3 d2 27. Ng2 Re8 28. Bb3+ Kh8 29. Nh4 Qd3 30. Bxd2 Bb6+ 31. Kh1 Re2 32. Qf4 Rxd2 33. Ng6+ Qxg6 34. Qxd2 Qf5 35. Qe2 Nd5 36. Bc2 Qf8 37. Qe4 Nf6 38. Qxb7 Qd6 39. Rd1 Qe6 40. Qb8+ Qc8 41. Qxc8+ Bxc8 42. Rd6 Bc7 43. Rc6 Ne8 44. Bg6 Bb7 45. Rc3 Ba5 46. b4 Bxb4 47. Rb3 a5 48. Bxe8 Bd5 49. Rd3 Bxa2 50. Bg6 Be7 51. Rd7 Bf8 52. Ra7 Bd5 53. Kg2 Bb4 54. Rd7 1-0

[Event "Villahermosa Tabasco-ch"]
[Site "Villahermosa"]
[Date "2023.08.05"]
[Round "5"]
[White "Hernandez Castellanos, Carlos Euclides"]
[Black "Falcon Perez, Gustavo"]
[Result "0-1"]
[WhiteElo "1415"]
[BlackElo "1959"]
[PlyCount "66"]
[EventDate "2023.08.04"]
[EventType "swiss"]
[EventRounds "9"]
[EventCountry "MEX"]
[SourceTitle "CBM 215 Extra"]
[Source "ChessBase"]
[SourceDate "2023.09.30"]
[SourceVersion "1"]
[SourceVersionDate "2023.09.30"]
[SourceQuality "1"]

1. e4 c5 2. Nf3 e6 3. c3 Nf6 4. e5 Nd5 5. Bc4 Nb6 6. Bb3 d6 7. 0-0 Nc6 8. Re1 dxe5 9. Nxe5 Nxe5 10. Rxe5 Bd6 11. Re4 0-0 12. d4 c4 13. Bc2 Qc7 14. Qh5 g6 15. Qh6 f5 16. Re3 e5 17. dxe5 Bxe5 18. Re1 Bd7 19. Na3 Rfe8 20. Be3 Bg7 21. Qf4 Qxf4 22. Bxf4 Nd5 23. Bd2 b5 24. Rad1 a6 25. h3 Bc6 26. Nb1 a5 27. b3 b4 28. Rxe8+ Rxe8 29. cxb4 c3 30. bxa5 cxd2 31. Nxd2 Nc3 32. Ra1 Ne2+ 33. Kf1 Bxa1 0-1

[Event "FIDE World Cup Mexico Qual"]
[Site "Mexico City"]
[Date "2021.05.29"]
[Round "7"]
[White "Falcon Perez, Gustavo"]
[Black "Capo Vidal, Uriel"]
[Result "0-1"]
[WhiteElo "2147"]
[BlackElo "2334"]
[PlyCount "50"]
[EventDate "2021.05.26"]
[EventType "swiss"]
[EventRounds "9"]
[EventCountry "MEX"]
[SourceTitle "CBM 202 Extra"]
[Source "ChessBase"]
[SourceDate "2021.07.31"]
[SourceVersion "1"]
[SourceVersionDate "2021.07.31"]
[SourceQuality "1"]

1. b3 d5 2. Bb2 Nf6 3. e3 g6 4. f4 Bg7 5. Nf3 0-0 6. g3 c5 7. Bg2 Nc6 8. 0-0 d4 9. Qe2 Bf5 10. exd4 cxd4 11. d3 Nd5 12. Nbd2 Ne3 13. Rfc1 Nb4 14. Nc4 Nexc2 15. Rxc2 Bxd3 16. Qd2 Nxc2 17. Qxd3 Nxa1 18. Bxa1 Rc8 19. a4 Qc7 20. Nfd2 b6 21. b4 a6 22. b5 axb5 23. axb5 Qc5 24. Bc6 Rxc6 25. bxc6 b5 0-1

[Event "FIDE World Cup Mexico Qual"]
[Site "Mexico City"]
[Date "2021.05.29"]
[Round "6"]
[White "Ibarra Chami, Luis Fernando"]
[Black "Falcon Perez, Gustavo"]
[Result "1-0"]
[WhiteElo "2447"]
[BlackElo "2147"]
[PlyCount "113"]
[EventDate "2021.05.26"]
[EventType "swiss"]
[EventRounds "9"]
[EventCountry "MEX"]
[SourceTitle "CBM 202 Extra"]
[Source "ChessBase"]
[SourceDate "2021.07.31"]
[SourceVersion "1"]
[SourceVersionDate "2021.07.31"]
[SourceQuality "1"]

1. c4 e5 2. Nc3 Bb4 3. Nd5 Ba5 4. b4 c6 5. bxa5 cxd5 6. cxd5 Qxa5 7. Qb3 Nf6 8. Nf3 e4 9. Ba3 Qxd5 10. Qxd5 Nxd5 11. Nd4 Nc6 12. Nb5 Ncb4 13. Bxb4 Nxb4 14. Rb1 Na6 15. Nd6+ Ke7 16. Nxe4 b6 17. Nc3 Bb7 18. h4 d5 19. d4 Rhc8 20. Kd2 Nc7 21. h5 Ne8 22. e3 Nd6 23. f3 Rc7 24. Nb5 Nxb5 25. Bxb5 Rac8 26. Bd3 h6 27. Rb4 Ba6 28. Bf5 Rb8 29. a4 Rc4 30. Rxc4 Bxc4 31. Ra1 a6 32. Kc3 Kf6 33. g4 Rb7 34. Kd2 Rc7 35. Bc2 b5 36. axb5 axb5 37. Ra6+ Ke7 38. e4 Rb7 39. exd5 Bxd5 40. Be4 Rd7 41. Ke3 Bc4 42. Bc6 Rc7 43. Rb6 b4 44. d5 Ra7 45. Kd4 Be2 46. Kc5 Ra5+ 47. Kxb4 Ra2 48. Rb7+ Kf6 49. Kb3 Ra6 50. Be8 Rd6 51. Rxf7+ Kg5 52. Bc6 g6 53. Kb4 gxh5 54. Kc5 Rf6 55. Rxf6 Kxf6 56. d6 hxg4 57. Kb6 1-0

[Event "Dos Hermanas Internet qual-E 10th"]
[Site "ICC INT"]
[Date "2009.03.15"]
[Round "5"]
[White "Falcon Perez, Gustavo"]
[Black "Berry, Frank Kimball"]
[Result "1-0"]
[WhiteElo "2168"]
[BlackElo "1958"]
[PlyCount "43"]
[EventDate "2009.03.15"]
[EventType "swiss (blitz)"]
[EventRounds "12"]
[EventCountry "ESP"]
[SourceTitle "CBM 129 Extra"]
[Source "ChessBase"]
[SourceDate "2009.05.05"]
[SourceVersion "2"]
[SourceVersionDate "2009.05.20"]
[SourceQuality "1"]

1. e4 e6 2. d4 d5 3. Nd2 dxe4 4. Nxe4 Be7 5. Bd3 Nd7 6. Ne2 Ngf6 7. N2g3 0-0 8. 0-0 b6 9. Qe2 Bb7 10. c3 c5 11. Be3 cxd4 12. Bxd4 e5 13. Be3 Nd5 14. Nf5 Nxe3 15. Qxe3 Nf6 16. Qg3 Nh5 17. Qg4 g6 18. Rad1 Nf6 19. Qg5 Nxe4 20. Nxe7+ Kg7 21. Bxe4 Qc8 22. Nxc8 1-0

[Event "Dos Hermanas Internet qual-E 10th"]
[Site "ICC INT"]
[Date "2009.03.15"]
[Round "10"]
[White "Herman, Matthew J"]
[Black "Falcon Perez, Gustavo"]
[Result "1-0"]
[WhiteElo "2149"]
[BlackElo "2168"]
[PlyCount "109"]
[EventDate "2009.03.15"]
[EventType "swiss (blitz)"]
[EventRounds "12"]
[EventCountry "ESP"]
[SourceTitle "CBM 129 Extra"]
[Source "ChessBase"]
[SourceDate "2009.05.05"]
[SourceVersion "2"]
[SourceVersionDate "2009.05.20"]
[SourceQuality "1"]

1. e4 c5 2. Nf3 e6 3. d4 cxd4 4. Nxd4 Nf6 5. Nc3 d6 6. Bc4 a6 7. Bb3 b5 8. f3 Qc7 9. Be3 Bb7 10. Qd2 Nc6 11. g4 Na5 12. g5 Nd7 13. h4 Ne5 14. 0-0-0 Nac4 15. Qf2 Nxe3 16. Qxe3 Be7 17. h5 Nc4 18. Bxc4 Qxc4 19. Kb1 Rc8 20. Rd2 0-0 21. Rg2 g6 22. Rgh2 Rc5 23. hxg6 fxg6 24. Rxh7 Bxg5 25. Qg1 Rf7 26. Rxf7 Kxf7 27. Rh7+ Kg8 28. Rxb7 b4 29. Qh1 Rc7 30. Rxc7 Qxc7 31. Nxe6 Qe7 32. Nxg5 bxc3 33. Nh3 Qb7 34. b3 Qb6 35. Qc1 Qc5 36. Nf4 Kg7 37. Nd5 Qd4 38. Nxc3 Qxc3 39. Qb2 Qxb2+ 40. Kxb2 Kf6 41. c4 Ke5 42. Kc3 Kf4 43. b4 Kxf3 44. c5 dxc5 45. bxc5 g5 46. c6 g4 47. c7 g3 48. c8Q g2 49. Qg8 Kf2 50. e5 g1Q 51. Qxg1+ Kxg1 52. e6 Kf2 53. e7 Kf3 54. e8Q Kf4 55. Qa4+ 1-0

[Event "Dos Hermanas Internet qual-E 10th"]
[Site "ICC INT"]
[Date "2009.03.15"]
[Round "4"]
[White "Shankland, Samuel L"]
[Black "Falcon Perez, Gustavo"]
[Result "1-0"]
[WhiteElo "2453"]
[BlackElo "2168"]
[PlyCount "93"]
[EventDate "2009.03.15"]
[EventType "swiss (blitz)"]
[EventRounds "12"]
[EventCountry "ESP"]
[SourceTitle "CBM 129 Extra"]
[Source "ChessBase"]
[SourceDate "2009.05.05"]
[SourceVersion "2"]
[SourceVersionDate "2009.05.20"]
[SourceQuality "1"]

1. d4 d5 2. c4 dxc4 3. e3 e6 4. Bxc4 a6 5. Nf3 c5 6. 0-0 b5 7. Bd3 Bb7 8. Nc3 Nf6 9. Qe2 Be7 10. a3 0-0 11. dxc5 Bxc5 12. b4 Bb6 13. Bb2 Nbd7 14. Rfd1 Rc8 15. Rac1 Qe7 16. Ng5 h6 17. Nge4 Rfd8 18. Bb1 Nxe4 19. Nxe4 f5 20. Nd6 Rxc1 21. Bxc1 Bd5 22. Nxf5 Qf6 23. Bb2 Ne5 24. f4 exf5 25. Bxe5 Qe6 26. h3 Kf7 27. Kh2 g6 28. Rxd5 Rxd5 29. Ba2 Ke7 30. Qf3 Rxe5 31. Bxe6 Rxe6 32. Qb7+ Kf6 33. Qxa6 Bxe3 34. Qxb5 Bxf4+ 35. g3 Be5 36. a4 h5 37. h4 g5 38. hxg5+ Kxg5 39. Kh3 Kf6 40. a5 Bd6 41. a6 Re3 42. Qb6 Rxg3+ 43. Kh4 Rd3 44. a7 f4 45. a8Q Kf5 46. Qc8+ Ke4 47. Qc4+ 1-0

[Event "Dos Hermanas Internet qual-D 10th"]
[Site "ICC INT"]
[Date "2009.03.14"]
[Round "3"]
[White "Arnaiz Yanes, Miguel Angel"]
[Black "Falcon Perez, Gustavo"]
[Result "0-1"]
[WhiteElo "1995"]
[BlackElo "2168"]
[PlyCount "72"]
[EventDate "2009.03.14"]
[EventType "swiss (blitz)"]
[EventRounds "12"]
[EventCountry "ESP"]
[SourceTitle "EXT 2010"]
[Source "ChessBase"]
[SourceDate "2010.11.25"]
[SourceVersion "1"]
[SourceVersionDate "2010.11.25"]
[SourceQuality "1"]

1. d4 d5 2. Nf3 Nf6 3. Bg5 Nbd7 4. e3 h6 5. Bh4 c5 6. c3 e6 7. Bd3 Be7 8. 0-0 0-0 9. Nbd2 b6 10. Rc1 a5 11. a4 Ba6 12. Bxa6 Rxa6 13. Re1 Ne4 14. Bxe7 Qxe7 15. Qe2 Raa8 16. Rcd1 Rfc8 17. Ne5 Nxe5 18. dxe5 Nxd2 19. Rxd2 Qe8 20. b3 c4 21. bxc4 Rxc4 22. Rb1 Qxa4 23. Rxb6 Rxc3 24. g3 Qe4 25. Rd1 Qxe5 26. Rdb1 Rac8 27. h4 a4 28. Rb7 Qe4 29. Kh2 Rc1 30. f3 R1c2 31. fxe4 Rxe2+ 32. Kg1 dxe4 33. Rf1 Rf8 34. Rf2 Rxe3 35. Ra7 a3 36. Ra2 Rxg3+ 0-1

[Event "Dos Hermanas Internet qual-C 10th"]
[Site "ICC INT"]
[Date "2009.03.14"]
[Round "2"]
[White "Falcon Perez, Gustavo"]
[Black "Almeida Quintana, Omar"]
[Result "1/2-1/2"]
[WhiteElo "2168"]
[BlackElo "2521"]
[PlyCount "119"]
[EventDate "2009.03.14"]
[EventType "swiss (blitz)"]
[EventRounds "12"]
[EventCountry "ESP"]
[SourceTitle "CBM 129 Extra"]
[Source "ChessBase"]
[SourceDate "2009.05.05"]
[SourceVersion "2"]
[SourceVersionDate "2009.05.20"]
[SourceQuality "1"]

1. b3 e5 2. Bb2 Nc6 3. e3 Nf6 4. Bb5 Bd6 5. Ne2 0-0 6. Ng3 Re8 7. 0-0 a6 8. Bxc6 dxc6 9. e4 Bc5 10. d3 Ng4 11. h3 Qh4 12. Qf3 Nh6 13. Nd2 Re6 14. Nf5 Nxf5 15. exf5 Re8 16. Ne4 Bd4 17. Bxd4 exd4 18. Rae1 Re5 19. g4 Bd7 20. Qg3 Qxg3+ 21. fxg3 Rae8 22. f6 c5 23. fxg7 Kxg7 24. Kf2 f5 25. gxf5 Bxf5 26. Ng5 h6 27. Rxe5 Rxe5 28. Nf3 Re3 29. g4 Bd7 30. Re1 Rxe1 31. Kxe1 h5 32. Ne5 Bc8 33. gxh5 Bxh3 34. Kf2 Kf6 35. Nc4 Kg5 36. Na5 Bc8 37. a3 Kxh5 38. b4 cxb4 39. axb4 Kg5 40. Nb3 Kf4 41. Nxd4 Bd7 42. Ne2+ Ke5 43. Ke3 Kd5 44. c4+ Kc6 45. d4 b6 46. d5+ Kd6 47. Kd4 c5+ 48. dxc6 Bxc6 49. Nc3 Kc7 50. Nd5+ Kb7 51. Ke5 a5 52. Nxb6 axb4 53. c5 Bb5 54. Kd4 Kc6 55. Nd5 b3 56. Kc3 Ba4 57. Ne3 Kxc5 58. Nc4 Kb5 59. Nd2 b2 60. Kxb2 1/2-1/2

[Event "Dos Hermanas Internet qual-D 10th"]
[Site "ICC INT"]
[Date "2009.03.14"]
[Round "2"]
[White "Falcon Perez, Gustavo"]
[Black "Cheng, Bindi"]
[Result "0-1"]
[WhiteElo "2168"]
[BlackElo "2361"]
[PlyCount "54"]
[EventDate "2009.03.14"]
[EventType "swiss (blitz)"]
[EventRounds "12"]
[EventCountry "ESP"]
[SourceTitle "EXT 2010"]
[Source "ChessBase"]
[SourceDate "2010.11.25"]
[SourceVersion "1"]
[SourceVersionDate "2010.11.25"]
[SourceQuality "1"]

1. b3 c5 2. Bb2 Nc6 3. e3 e5 4. Bb5 Qg5 5. Bxc6 bxc6 6. Kf1 d6 7. Nc3 f5 8. Nge2 Qg6 9. f4 e4 10. d3 Nf6 11. dxe4 fxe4 12. h3 h5 13. g3 Be7 14. Kf2 h4 15. g4 Bxg4 16. Rg1 Bxe2 17. Qxe2 Qf5 18. Qf1 Nh5 19. Rg4 d5 20. Na4 d4 21. Qa6 Qd5 22. Qb7 Rd8 23. Qa6 dxe3+ 24. Kxe3 Qd2+ 25. Kxe4 Qxc2+ 26. Ke5 Rd5+ 27. Ke6 Rh6+ 0-1

[Event "Dos Hermanas Internet qual-C 10th"]
[Site "ICC INT"]
[Date "2009.03.14"]
[Round "8"]
[White "Vinals Rioja, Jaume"]
[Black "Falcon Perez, Gustavo"]
[Result "0-1"]
[WhiteElo "2001"]
[BlackElo "2168"]
[PlyCount "50"]
[EventDate "2009.03.14"]
[EventType "swiss (blitz)"]
[EventRounds "12"]
[EventCountry "ESP"]
[SourceTitle "CBM 129 Extra"]
[Source "ChessBase"]
[SourceDate "2009.05.05"]
[SourceVersion "2"]
[SourceVersionDate "2009.05.20"]
[SourceQuality "1"]

1. e4 c5 2. c3 e6 3. d4 d5 4. e5 f6 5. Nf3 Nc6 6. Bd3 Qc7 7. exf6 Nxf6 8. 0-0 Bd6 9. dxc5 Bxc5 10. c4 0-0 11. Nc3 d4 12. Ne4 Nxe4 13. Bxe4 e5 14. a3 Be6 15. b4 Be7 16. c5 Rad8 17. Bg5 Bf6 18. Qd3 h6 19. Bxf6 Rxf6 20. Rfe1 Bd5 21. Bxd5+ Rxd5 22. Qe4 Qd7 23. Rad1 a6 24. Rd3 Rf4 25. Nxe5 Rxe5 0-1

[Event "Dos Hermanas Internet qual-B 10th"]
[Site "ICC INT"]
[Date "2009.03.13"]
[Round "2"]
[White "Falcon Perez, Gustavo"]
[Black "Paunovic, Tomislav"]
[Result "1-0"]
[WhiteElo "2168"]
[BlackElo "2355"]
[PlyCount "125"]
[EventDate "2009.03.13"]
[EventType "swiss (blitz)"]
[EventRounds "12"]
[EventCountry "ESP"]
[SourceTitle "CBM 129 Extra"]
[Source "ChessBase"]
[SourceDate "2009.05.05"]
[SourceVersion "2"]
[SourceVersionDate "2009.05.20"]
[SourceQuality "1"]

1. b3 e5 2. Bb2 Nc6 3. e3 a6 4. g3 Nf6 5. Bg2 d5 6. Ne2 Be7 7. 0-0 0-0 8. d3 Bg4 9. f3 Be6 10. Nd2 Qd7 11. e4 Bh3 12. f4 Bxg2 13. Kxg2 Ng4 14. Rf3 f5 15. h3 Nh6 16. fxe5 fxe4 17. dxe4 d4 18. Nc4 Rxf3 19. Kxf3 Bc5 20. Kg2 b5 21. Nd2 Nxe5 22. Nf4 c6 23. Nf3 Nxf3 24. Qxf3 Rd8 25. Nd3 Qe7 26. Rf1 Bb6 27. g4 c5 28. Bc1 Nf7 29. Bf4 Re8 30. e5 c4 31. bxc4 bxc4 32. Nf2 Nxe5 33. Bxe5 Qxe5 34. Nh1 Qe4 35. Ng3 Qxf3+ 36. Rxf3 Rd8 37. Kf1 d3 38. cxd3 cxd3 39. Ke1 Ba5+ 40. Kd1 Bb4 41. Ne4 a5 42. Nd2 g6 43. Ne4 Kg7 44. g5 Re8 45. Nd2 Rd8 46. Ne4 Rd5 47. h4 Rd4 48. Nf2 Rxh4 49. Nxd3 Rd4 50. Kc2 Rd5 51. Rg3 Be7 52. Nf4 Rxg5 53. Ne6+ Kh6 54. Nxg5 Bxg5 55. Rh3+ Kg7 56. Kd3 h5 57. Ke4 Bf6 58. Rd3 g5 59. Rd5 Kg6 60. Rxa5 g4 61. Kf4 Bg7 62. Kg3 Bf6 63. Ra6 1-0

[Event "Morelia op 2nd"]
[Site "Morelia"]
[Date "2007.02.16"]
[Round "2"]
[White "Escobedo Tinajero, Alberto"]
[Black "Falcon Perez, Gustavo"]
[Result "1-0"]
[WhiteElo "2385"]
[BlackElo "2169"]
[PlyCount "69"]
[EventDate "2007.02.15"]
[EventType "swiss"]
[EventRounds "7"]
[EventCountry "MEX"]
[SourceTitle "CBM 116 Extra"]
[Source "ChessBase"]
[SourceDate "2007.03.07"]
[SourceVersion "1"]
[SourceVersionDate "2007.03.07"]
[SourceQuality "1"]

1. d4 f5 2. Nc3 Nf6 3. Bg5 e6 4. e4 fxe4 5. Nxe4 Be7 6. Bxf6 Bxf6 7. Nf3 0-0 8. Bd3 Nc6 9. c3 b6 10. h4 d5 11. Neg5 g6 12. Qc2 Qe7 13. 0-0-0 e5 14. Rde1 e4 15. Qb3 Bxg5+ 16. Nxg5 Be6 17. Nxe6 Qxe6 18. Bxe4 Rad8 19. Bf3 Qf7 20. Qc2 Na5 21. h5 g5 22. Re5 h6 23. Qg6+ Qxg6 24. hxg6 Kg7 25. Bxd5 Rxf2 26. Be4 Rd7 27. Bf5 Rxf5 28. Rxf5 Kxg6 29. Re5 Rd6 30. Re7 c6 31. b3 c5 32. dxc5 bxc5 33. Rxa7 Nc6 34. Ra6 h5 35. b4 1-0

[Event "MEX-ch op 52nd "]
[Site "Mexico City"]
[Date "2006.04.15"]
[Round "8"]
[White "Escobedo Tinajero, Alberto"]
[Black "Falcon Perez, Gustavo"]
[Result "1-0"]
[WhiteElo "2399"]
[BlackElo "2211"]
[PlyCount "73"]
[EventDate "2006.04.11"]
[EventType "swiss"]
[EventRounds "9"]
[EventCountry "MEX"]
[SourceTitle "EXT 2007"]
[Source "ChessBase"]
[SourceDate "2006.11.23"]
[SourceVersion "1"]
[SourceVersionDate "2006.11.23"]
[SourceQuality "1"]

1. d4 d5 2. c4 e6 3. Nf3 dxc4 4. Nc3 c5 5. e3 a6 6. a4 Nf6 7. Bxc4 Nc6 8. 0-0 Be7 9. Qe2 0-0 10. Rd1 Qc7 11. Bd2 Rd8 12. Be1 Bd7 13. d5 exd5 14. Nxd5 Nxd5 15. Bxd5 Bf5 16. Qc4 Bg6 17. Rac1 Rab8 18. a5 Nxa5 19. Bxa5 Qxa5 20. Ne5 Kh8 21. Bxf7 Rxd1+ 22. Rxd1 Rd8 23. Rxd8+ Qxd8 24. Nxg6+ hxg6 25. Qg4 Bg5 26. f4 Qe7 27. Be6 Bh6 28. h4 Kh7 29. Kh2 b5 30. g3 c4 31. Kh3 Qb7 32. Qd1 Qe4 33. Qd5 Qb1 34. h5 Qf1+ 35. Kh4 Qd3 36. hxg6+ Kxg6 37. Qh5+ 1-0

[Event "Morelia op 01st"]
[Site "Morelia"]
[Date "2006.02.19"]
[Round "6"]
[White "Gonzalez Zamora, Juan Carlos"]
[Black "Falcon Perez, Gustavo"]
[Result "1-0"]
[WhiteElo "2522"]
[BlackElo "2247"]
[PlyCount "57"]
[EventDate "2006.02.16"]
[EventType "swiss"]
[EventRounds "7"]
[EventCountry "MEX"]
[SourceTitle "CBM 110 Extra"]
[Source "ChessBase"]
[SourceDate "2006.03.10"]
[SourceVersion "2"]
[SourceVersionDate "2006.03.10"]
[SourceQuality "1"]

1. d4 d5 2. Nf3 Nf6 3. c4 e6 4. g3 c6 5. Qc2 Be7 6. Bg2 0-0 7. 0-0 Ne4 8. b3 b5 9. c5 a5 10. Nbd2 f5 11. Ne5 Qc7 12. Nxe4 fxe4 13. f3 exf3 14. exf3 Nd7 15. Bf4 g5 16. Nxd7 gxf4 17. Ne5 Rf5 18. Rae1 Bf6 19. Qd2 fxg3 20. f4 gxh2+ 21. Kh1 Ra7 22. Bh3 Rh5 23. Re3 Qg7 24. Qe2 Rh4 25. Qf2 Qf8 26. f5 exf5 27. Bxf5 Rg7 28. Bxc8 Qxc8 29. Qxf6 1-0